000 00485nam a2200169Ia 4500
999 _c28871
_d28871
003 OSt
005 20210104093259.0
008 190216s9999||||xx |||||||||||||| ||und||
040 _coclc
082 _a894.8121
_bKUM/K
100 _aKumbidi, Usha
_97477
245 0 _aKannukal Parayan Marannathu /
_cUsha Kumbidi
260 _bZorba Publications,
_aPalakkad:
_c2007.
300 _a48p
650 _aKavitha
942 _cBK
_2ddc
_h894.8121
_iKUM/K
_k894.8121
_mKUM/K